书目信息 |
| 书名: | Intercultural communication | |
| 作者: | Ron Scollon and Suzanne Wong Scollon ; 贾玉新导读. | |
| 分册号: | ||
| 分册名: | 出版地: | 北京 : |
|
| 出版社: | 外语教学与研究出版社 | |
| 出版时间: | 2000. | |
| 页数: | 30, 276 p. ; | |
| 开本: | 23 cm. | |
| 丛书名: | 当代国外语言学与应用语言学文库 | |
| 中图分类号: | ||
| 科图分类号: | ||
| 其他分类号: | H0-05 | |
| 主题词: | ||
| 电子资源: | ||
| 000 | 02082cam a2200793 a 45 | |
| 001 | E0732236546 | |
| 003 | CAL | |
| 005 | 20070819085903.28 | |
| 008 | 030326r20001995cc b 001 0 eng d | |
| 020 | @a756001934X :@cCNY25.90. | |
| 040 | @aECNU@cECN@dDUTL | |
| 050 | 4 | @aP94.6@b.S36 1994 |
| 082 | 04 | @a306.4/4@220 |
| 090 | @aH0-05 | |
| 093 | @aH0-05@24 | |
| 094 | @a41.1038@23 | |
| 099 | @dH0-05@ex141 | |
| 100 | 1 | @aScollon, Ronald,@d1939- |
| 245 | 10 | @aIntercultural communication :@ba discourse approach = 跨文化交际 : 语篇分析法 / @cRon Scollon and Suzanne Wong Scollon ; 贾玉新导读. |
| 246 | 31 | @a跨文化交际 :@b语篇分析法 |
| 260 | @a北京 :@b外语教学与研究出版社,@c2000. | |
| 300 | @a30, 276 p. ;@c23 cm. | |
| 440 | 0 | @a当代国外语言学与应用语言学文库 |
| 504 | @aIncludes bibliographical references (p. 257-266) and index. | |
| 534 | @aReprint. Originally published:@cOxford : Blackwell, 1995. | |
| 650 | 0 | @aIntercultural communication. |
| 700 | 1 | @aScollon, Suzanne B. K. |
| 700 | 1 | @aJia, Yuxin@9(贾玉新) |
| 920 | @a231220@z2 | |
| 920 | @a211010@z1 | |
| 920 | @a211020@z1 | |
| 920 | @a243160@z1 | |
| 920 | @a211030@z2 | |
| 920 | @a231010@z2 | |
| 920 | @a232010@z1 | |
| 920 | @a244050@z2 | |
| 920 | @a244020@z2 | |
| 920 | @a242120@z2 | |
| 920 | @a214010@z1 | |
| 920 | @a212010@z2 | |
| 920 | @a211410@z1 | |
| 920 | @a237010@z1 | |
| 920 | @a231280@z2 | |
| 920 | @a211050@z2 | |
| 920 | @a237385@z2 | |
| 920 | @a211260@z1 | |
| 920 | @a211060@z1 | |
| 920 | @a215010@z2 | |
| 920 | @a246060@z0 | |
| 920 | @a246010@z1 | |
| 920 | @a251430@z2 | |
| 920 | @a222220@z1 | |
| 920 | @a221010@z2 | |
| 920 | @a241061@z1 | |
| 920 | @a221060@z1 | |
| 920 | @a223140@z1 | |
| 920 | @a222020@z2 | |
| 920 | @a211270@z1 | |
| 920 | @a222010@z1 | |
| 920 | @a221020@z1 | |
| 920 | @a211340@z1 | |
| 920 | @a251050@z1 | |
| 920 | @a246040@z1 | |
| 920 | @a242030@z2 | |
| 920 | @a242010@z1 | |
| 920 | @a261020@z1 | |
| 920 | @a242020@z2 | |
| 920 | @a242250@z1 | |
| 998 | @aECN | |
| Intercultural communication : : a discourse approach = 跨文化交际 : 语篇分析法 / / Ron Scollon and Suzanne Wong Scollon ; 贾玉新导读.-北京 : : 外语教学与研究出版社, , 2000. |
| 30, 276 p. ; ; 23 cm.- (当代国外语言学与应用语言学文库) |
| Includes bibliographical references (p. 257-266) and index.-Reprint. Originally published: |
| ISBN 756001934X :CNY25.90. |
| ● |
| 相关链接 |
|
|
|
|
正题名:Intercultural communication
索取号:H0-05/x141
 
预约/预借
| 序号 | 登录号 | 条形码 | 馆藏地/架位号 | 状态 | 备注 |
| 1 | 16811 | 300168119 | 第二样本阅览室/ [索取号:H0-05/x141] | 在馆 | |
| 2 | 16812 | 300168128 | 第四借阅区/ [索取号:H0-05/x141] | 在馆 | |
| 3 | 16813 | 300168137 | 第四借阅区/ [索取号:H0-05/x141] | 在馆 | |
| 4 | 16814 | 300168146 | 第四借阅区/ [索取号:H0-05/x141] | 在馆 | |
| 5 | 16815 | 300168155 | 第四借阅区/ [索取号:H0-05/x141] | 在馆 |